000 00949nam a2200265Ia 4500
003 OSt
005 20220923225226.0
006 a|||||r|||| 00| 0
007 ta
008 Pun
020 _c200
024 _a260,706
037 _b535, 02/12/2011, H.K. Prakashan
_cTextual
040 _aARTS
_cARTS
_bPun
041 _2Pun
_aPun
082 _aO153,3:g, Q0
100 _aਦੁਸਾਂਝ, ਸੁਰਿੰਦਰ ਸਿੰਘ
245 0 _aਪੰਜਾਬੀ ਨਾਵਲ ਦੇ ਲੱਛਣ ਤੇ ਝੁਕਾਅ ਯ 186 ਤੋ੍ਵ 1946
260 _aਚੰਡਿਗੜ
_b ਲੋਕਗੀਤ ਪ੍ਰਕਾFਨ
_c2010
300 _a163ਪੰ
_ccm.
650 _a ਨਾਵਲ ਪੰਜਾਬੀ ਆਲੋਚਨਾ
650 _aਪੰਜਾਬੀ ਸਾਹਿਤ
942 _hO153,3:g, Q0
_cTEXL
_2CC
999 _c376835
_d376835